Participación en políticas de empleo, salarios y formación profesional

Gorde:
Xehetasun bibliografikoak
Egile nagusia: Zepeda López, Raúl Anselmo
Formatua: Texto
Etiketak: Etiketa erantsi
Etiketarik gabe, Izan zaitez lehena erregistro honi etiketa jartzen!

MARC

LEADER 00000 a a2200000 04500
001 21396
003
040
090 |a 094100  
100 |a Zepeda López, Raúl Anselmo  
245 |a Participación en políticas de empleo, salarios y formación profesional  
300 |a 23 p.  
999 |c 13734  |d 13734